20 Top Colleges in The U.S.A - Statistics

General Stats
  • This quiz has been taken 64 times
  • The average score is 13 of 20
Answer Stats
State Colledge % Correct
Massachusetts Harvard
96%
New Jersey Princeton
85%
Massachusetts M.I.T.
84%
Connecticut Yale
84%
California Stanford
80%
New York Columbia
76%
New Hampshire Dartmouth
73%
California UCLA
73%
Rhode Island Brown
71%
New York NYU
71%
New York Cornell
65%
North Carolina Duke
64%
Illinois NorthWestern
58%
Texas Rice
56%
Tennessee Vanderbilt
53%
Pennsylvania UPenn
49%
Maryland Johns Hopkins
47%
Indiana Notre dame
44%
Illinois University of Chicago
31%
Massachusetts Amherst
18%
No matching quizzes found
Score Distribution
Percent of People with Each Score
Percentile by Number Answered
Your Score History
You have not taken this quiz